000 nkm a22 a 4500
999 _c418315
_d418315
003 BLK
005 20210607150241.0
008 180412b bul rap|r|||| r0| ||bulo|
010 _aKNG00029676000
020 _a978-619-7524-08-6
040 _aBLK
041 _aBUL
_cBUL
080 _aЖивопис - художници
_b75.071.1
_x(497.2)(084.1)(092)
_z75.071.1(497.2)(084.1)(092)
080 _aСпиридонов, Симеон Димитров
_b92 български художник
100 _aСпиридонов, Симеон Димитров
_eпърви автор
_91299
139 _aСпиридонов, Симеон Димитров
245 _aСпиридонов 75
_cСимеон Спиридонов ; [текст] Мария Спиридонова
257 _aBGR
260 _aСофия
_bМ-Прес
_c2019
_9214097
_n978-954-91844- ; 978-954-8455-
300 _a39 с.
_bил.
_c21 см
380 _a7
600 0 _aСпиридонов, Симеон Димитров
_9277676
650 0 _9273860
_aХудожници, български - каталози
653 _aживопис
653 _aграфика
653 _aакварели
700 _91581
_aСпиридонова, Мария Симеонова
_eтекст
852 _aЦб 307521
856 4 _qpdf
_u
856 4 _qpdf
_u
942 _cKNG
_n0
_s1
944 _aCR
_c2021-06-07
_kВ. Т.
999 _d418315
999 _d418315